00848cam a2200217 a 450000100100000000500170001000800410002702000150006804000250008308200180010810000410012624501360016726000430030330000280034650000620037450400310043665100450046765100510051270000320056370000350059500001432320200929163556.0920309s1991 cl 000 0 spa  a980271108X aDO-SdBNPbspacBNPHU a338.98bS161a1 aSalcedo G., José Joaquín.d1947-10aAmérica Latina :binterrogante angustioso /cJosé Joaquín Salcedo G., Hernando Bernal Alarcón, Nohora Inés Gutiérrez S. aMiami :bPublicaciones Violeta,c1991. a288 p. :bil. ;c21 cm. aIncluye datos biográficos de los autores en las solapas aBibliográfia: p. 285-288 4aAmérica LatinaxPolítica Economíca 4aAmérica LatinaxPolítica Y Gobiernoy1980-1 aBernal Alarcón, Hernando.1 aGutiérrez S., Nohora Inés.